Pharmacokinetic Optimization in Drug Researcher (Record no. 24547)
[ view plain ]
| 000 -LEADER | |
|---|---|
| fixed length control field | 00438nam a22001577a 4500 |
| 003 - CONTROL NUMBER IDENTIFIER | |
| control field | NUST |
| 008 - FIXED-LENGTH DATA ELEMENTS--GENERAL INFORMATION | |
| fixed length control field | 140612b xxu||||| |||| 00| 0 eng d |
| 020 ## - INTERNATIONAL STANDARD BOOK NUMBER | |
| Terms of availability | Available |
| 038 ## - RECORD CONTENT LICENSOR | |
| Staff Name | Nusrat Nadeem |
| 082 ## - DEWEY DECIMAL CLASSIFICATION NUMBER | |
| Classification number | 615.19 |
| 100 ## - MAIN ENTRY--PERSONAL NAME | |
| Personal name | Testa Bernard |
| 9 (RLIN) | 21376 |
| 245 ## - TITLE STATEMENT | |
| Title | Pharmacokinetic Optimization in Drug Researcher |
| Statement of responsibility, etc. | Bernard Testa |
| 260 ## - PUBLICATION, DISTRIBUTION, ETC. | |
| Place of publication, distribution, etc. | Germany |
| Name of publisher, distributor, etc. | Wiley VCH |
| Date of publication, distribution, etc. | 2001 |
| 538 ## - SYSTEM DETAILS NOTE | |
| Display text | Bioinformatics Lab(Photocopy Book) |
| 942 ## - ADDED ENTRY ELEMENTS (KOHA) | |
| Source of classification or shelving scheme | |
| Koha item type | Book |
| Withdrawn status | Lost status | Source of classification or shelving scheme | Damaged status | Not for loan | Permanent Location | Current Location | Shelving location | Date acquired | Total Checkouts | Full call number | Barcode | Date last seen | Price effective from | Koha item type | Total Renewals | Checked out | Date last checked out |
|---|---|---|---|---|---|---|---|---|---|---|---|---|---|---|---|---|---|
| Central Library (CL) | Central Library (CL) | General Stacks | 06/12/2014 | 615.1078 TES | RCMS002310 | 06/12/2014 | 06/12/2014 | Book | |||||||||
| School of Interdisciplinary Engineering and Sciences (SINES) | School of Interdisciplinary Engineering and Sciences (SINES) | Text Books | 09/25/2019 | 1 | 615.19 | RCMS002919 | 06/30/2021 | 09/25/2019 | Text Books | 2 | 06/01/2023 | 06/30/2021 |
